[Event "Enghien les Bains"]
[Site "Enghien les Bains"]
[Date "2003.06.15"]
[Round "3"]
[White "Kortschnoj, Viktor Lvovich"]
[Black "Fressinet, Laurent"]
[Result "0-1"]
[WhiteElo "2632"]
[BlackElo "2595"]
[Annotator "Kortschnoj,V"]
[PlyCount "74"]
[EventDate "2003.06.13"]
[EventType "tourn"]
[EventRounds "9"]
[EventCountry "FRA"]
[EventCategory "17"]
[SourceTitle "CBM 096"]
[Source "ChessBase"]
[SourceDate "2003.09.25"]
[SourceVersion "1"]
[SourceVersionDate "2003.09.25"]
[SourceQuality "1"]

1. c4 e6 2. Nf3 d5 3. d4 Nf6 4. Bg5 c6 $6 {A dubious move. The theoretically
approved 4...Bb4, 4...dc, 4...h6 were stronger.} 5. Nbd2 h6 {The
"Cambridge-Springs" way to develop the black pieces does not work here: after
5...Nbd7 6.e3 Qa5 7.a3 black has no logical continuation any more.} 6. Bxf6 {
I reproach myself for this move. Obviously, my opponent had a dim impression
what to do after the natural 6.Bh4. But now I will force him by energetic, too
energetic, play to make the only moves. Wrong!} Qxf6 7. a3 {White enjoys a
great lead in development, so with all convenience he will undertake soon
activity in the centre.} Nd7 8. e4 dxe4 9. Nxe4 Qf4 {The move looks rather
risky, but a strive for double-edged positions is typical for my young
opponent. It is true, after the solid 8...Qd8 I was going to get a firm grip
upon the black position by 9.c5 Be7 10.Bc4 or 9...e5 10.Qe2 Be7 11.0-0-0.} 10.
Bd3 Be7 11. O-O O-O 12. Re1 b6 {It seems, this is the best move.} (12... c5 $2
13. d5 exd5 14. Nc3 {looked very bad.}) (12... Rd8 {was also worth of
consideration.}) 13. d5 {Not the most solid way to treat this position.} (13.
b4 Bb7 14. c5 {was the acknowledged and strong continuation.}) 13... cxd5 14.
cxd5 Bb7 {It is better than} (14... exd5 15. Nc3 {with many unpleasant threats,
due to the exposed location of the black queen and many other tactical targets
in the black position.}) 15. d6 Bd8 (15... Bf6 {was more circumspect, would
lead to about equal play, but my opponent does not want to lose his trumps -
two bishops. To refute 15...Bf6 is hardly possible, after} 16. Rc1 Bxb2 17. Rc7
Nc5 18. Nxc5 Bxf3 {black has no worries.}) 16. Qa4 {The white position is a
bit over-extended. He needs urgent means to protect his far advanced pawn and
to push it ahead.} Ne5 $1 {The only move.} ({After} 16... Nf6 17. Nxf6+ Qxf6
18. Be4 {or Ne5 black's position is on the verge of collapse. But the move is
bound to an eventual queen sacrifice.}) 17. Nxe5 $2 {This is an act of
faint-heartedness. The black queen had to be taken:} (17. Nf6+ Bxf6 $1 18. Bh7+
$1 Kxh7 19. Qxf4 Nd3 20. Qd2 Nxe1 21. Rxe1 {In spite of material advantage to
win the game is not easy - black has active pieces, but still, it was black
who remained in defensive.}) 17... Qxe5 18. Qd7 Rb8 19. Nc3 {It seems white is
doing very well. After, say 19...Qf4 20.Be4 Bc8 21.Qa7 Qd6 .Nb5 Qf4 21.g3
white wins a rook...} Qa5 $1 {The only move, which saves the position. The
point of it is obvious: pawn a7 is protected!} 20. Be4 ({Or} 20. b4 Qg5 21. Be4
Bf6 $1 22. Rac1 Rfd8 23. Qc7 Bxc3 24. Rxc3 Bxe4 25. Rxe4 Qd2 {and black takes
over the initiative.}) 20... Bc8 21. Qc6 Bb7 22. Qc4 $4 {White does not want
to admit equality of chances on the board and suddenly slips into a
technically lost position.} Bf6 $1 23. Bxb7 Rxb7 24. Re2 ({Or} 24. b4 b5 $1 25.
Qd3 (25. bxa5 bxc4 26. Rac1 Bxc3 27. Rxc3 Rd8 {or 26...Rb3 in both cases with
an inferior endgame for white. Still, it was better than continuation in the
game.}) 25... Qa6 {with a clear edge to black.}) 24... Bxc3 $1 25. bxc3 Rd8 26.
Rd2 Rbd7 27. Qc6 Qa6 28. g3 Qc8 29. Qxc8 Rxc8 30. Rd3 Rc5 31. Rad1 f6 32. f4
Ra5 33. Rd4 Kf7 34. a4 Rc5 35. R4d3 e5 {The game is over. White is not able to
protect his innumerable pawn weaknesses.} 36. f5 Ra5 37. Ra1 e4 0-1

[Event "Tan Chin Nam Cup 5th"]
[Site "Shenyang"]
[Date "1999.07.14"]
[Round "6"]
[White "Zhu, Chen"]
[Black "Dreev, Alexey"]
[Result "0-1"]
[WhiteElo "2503"]
[BlackElo "2679"]
[Annotator "Kortschnoj,V"]
[PlyCount "96"]
[EventDate "1999.07.08"]
[EventType "tourn"]
[EventRounds "9"]
[EventCountry "CHN"]
[EventCategory "13"]
[SourceTitle "CBM 073"]
[Source "ChessBase"]
[SourceDate "1999.12.01"]
[SourceVersion "1"]
[SourceVersionDate "1999.12.01"]
[SourceQuality "1"]

1. d4 {Lutz} d5 2. c4 c6 3. Nf3 Nf6 4. Nc3 e6 5. Bg5 h6 6. Bh4 dxc4 7. e4 g5 8.
Bg3 b5 9. Be2 Nbd7 {'!?' Lutz.} 10. d5 {'!?' Lutz.} Bb7 {Lutz: 'Dieser Zug
fühlt sich besser an als 10...b4?!, aber Schwarz bleibt unter Druck.'} (10...
b4 $6 {Lutz: reibt den eigenen Damenflügel auf. Dieser Zug wird in Beliavsky,
A-Bacrot,E/Albert 1999 behandelt.}) 11. dxe6 fxe6 12. Nd4 Nc5 13. e5 {'!' Lutz.
} (13. O-O $6 {Lutz: ist schwächer:} Qd7 14. e5 O-O-O 15. exf6 Qxd4 16. Qxd4
Rxd4 17. Be5 Rd2 18. f7 Rh7 19. Bh5 Rd7 20. Rae1 Rhxf7 21. Bxf7 Rxf7 22. Bd4
Kd7 23. Rd1 Kc7 24. Rfe1 b4 25. Bxc5 Bxc5 26. Ne4 Bb6 27. Rd2 Rf5 28. Red1 Rd5
29. Nf6 c3 30. Nxd5+ exd5 31. Rd3 d4 32. Rh3 Ba6 33. bxc3 bxc3 34. Rc1 Ba5 35.
Rxh6 d3 36. Rh7+ Kb6 37. Rb1+ Bb5 38. Rd7 c2 39. Rc1 Bd2 {0-1 Van Wely,
L-Porper,E/Antwerp 1998/EXT 99 (39)}) 13... Nd5 (13... Nfe4 $2 14. Bh5+ Ke7 15.
Nxe4 Nxe4 16. Qf3 Qxd4 17. Rd1 $16) 14. O-O {Lutz: 'Der schwarze König wird in
der Mitte bleiben. Weiß hat Kompensation.'} Qb6 {'?!' Lutz. Lutz: 'Mir gefällt
dieser Zug nicht. Schwarz sollte die Dame in der Nähe des Königs behalten.'} (
14... Qd7 $5 {Lutz} 15. Bh5+ Kd8 16. Bg4 Kc7 17. Ne4 Re8 $13) 15. Bh5+ Kd7 16.
Qg4 Rh7 {A threat was Bf7 Lutz: 'Verhindert 17.Bf7'} 17. Rad1 Rd8 18. h4 (18.
Ndxb5 $5 Nd3 (18... cxb5 19. Nxd5 Bxd5 20. Rxd5+ Kc8 21. Rxd8+ Qxd8 22. f4 $40
Qd4+ $2 23. Bf2 Qxf4 24. Bd4 $18) 19. Nd6 $16) (18. Ne4 $5) 18... Rg7 19. Ne4 {
'!' Lutz.} Bc8 $1 {Excellent defensive move. A big pawn on b7 turns out to be
of some help. Moreover, it has a bright future.} (19... Nxe4 {Lutz} 20. Nxe6
$18) 20. Nxc5+ Bxc5 21. Qxe6+ Kc7 22. Qxh6 Re7 23. Nf3 {'+/-' Lutz.} Bf5 $1 24.
Nxg5 {White won several pawns, but lost a momentum. An initiative will be soon
taken over by black. White needs to consolidate his position - several his
pieces are badly located.} (24. Qxg5 {looked more natural. Then after} Bd3 25.
Rfe1 Bb4 {black could win an exchange. But after} 26. e6+ Kb7 27. Bf7 {white's
advantage would be out of question.}) 24... Kb7 25. Bg6 (25. Nf7 {presumably
planned by white, does not work out:} Rg8 26. Nd6+ Bxd6 27. exd6 Rh7) 25... Bg4
26. Rde1 (26. Nf7 Rg8 27. Nd6+ Ka6 (27... Bxd6 $2 28. exd6 Reg7 29. Bh7 $16)
28. Rde1 Re6 29. h5 Bxh5 30. Qxh5 Rexg6 {white position is hard to defend.})
26... c3 27. bxc3 Nxc3 28. Bh5 {It seems, both partners are in time trouble.
In order to pacify the position (and to retain an advantage) 28.Ne4 was called
for.} Bf5 29. Nf7 Rg8 30. Kh2 $4 {'?' Lutz. An awful move. Lutz: 'Weiß
verliert die Kontrolle.'} ({After} 30. Nd6+ {white was still winning:} Bxd6 31.
exd6 (31. Qxd6 {Lutz} Rd7 32. Qf6 $18 {macht einen besseren Eindruck.}) 31...
Rxe1 (31... Rh7 32. Re7+) 32. Rxe1 Rxg3 33. Qf4) 30... Bd3 31. Rh1 {'?' Lutz.
After this move white position collapses. Instead, after 31.Nd6+ white would
have had still chances to win the game.} (31. Nd6+ $142 {Lutz} Ka6 32. Bf7)
31... Bxf2 {'-/+' Lutz.} 32. Ng5 Rh7 {'!' Lutz.} 33. Qf6 (33. Nxh7 {Lutz} Bxg3+
34. Kh3 Bf5+ 35. Bg4 Rxg4 $19) 33... Bxe1 34. Rxe1 Nd5 $1 $17 (34... Rxh5 $2 {
Lutz} 35. Qf7+) 35. Nxh7 (35. Qf3 Rxg5 36. hxg5 Bg6 $19) 35... Nxf6 36. Nxf6
Rh8 37. e6 {Lutz: 'Durch den e-Bauern hat Weiß noch Gegenspiel.'} Qd4 38. Re5 {
A witty way to help to promote the e pawn will be parred by a nonless witty
manner.} Bg6 $1 39. e7 (39. Bxg6 Rxh4+ 40. Bxh4 Qxh4+ 41. Kg1 Qd4+ {'-+' Lutz.}
42. Kf1 Qf4+ 43. Kg1 Qxe5 44. Nd7 Qe1+ 45. Kh2 Kc7 $19) 39... Bxh5 40. Nxh5 Qg4
41. e8=Q $2 {A logical continuation of the game would be} (41. Nf6 Rxh4+ 42.
Bxh4 Qxh4+ 43. Kg1 Qd4+ 44. Kf1 Qxe5 45. e8=Q Qxf6+ $17) 41... Rxe8 42. Rxe8 {
Perhaps white overlooked that 42.Nf6 has a refutation - Qg3 - check...} Qxh5
$19 43. Re5 Qh7 44. h5 a5 45. Bf4 a4 46. a3 {'?' Lutz.} ({Bessere Chancen
bietet} 46. h6 {Lutz} b4 47. Re3 {mit der Idee Rg3-g7, und die Partie ist noch
nicht zu Ende.}) 46... b4 47. axb4 a3 48. Ra5 Qe4 {Lutz: 'Der a-Bauer wird den
Läufer kosten.'} 0-1

[Event "Las Palmas"]
[Site "Las Palmas"]
[Date "1996.12.15"]
[Round "5"]
[White "Karpov, Anatoly"]
[Black "Kasparov, Garry"]
[Result "1/2-1/2"]
[WhiteElo "2775"]
[BlackElo "2785"]
[Annotator "Kramnik,V"]
[PlyCount "89"]
[EventDate "1996.12.08"]
[EventType "tourn"]
[EventRounds "10"]
[EventCountry "ESP"]
[EventCategory "21"]
[SourceTitle "CBM 057"]
[Source "ChessBase"]
[SourceDate "1997.04.01"]
[SourceVersion "1"]
[SourceVersionDate "1997.04.01"]
[SourceQuality "1"]

1. d4 {Ftacnik Hecht} Nf6 2. Nf3 d5 3. c4 e6 4. Nc3 dxc4 5. Qa4+ {The other
well-known lines are:} (5. e4 Bb4) (5. e3 a6 6. Bxc4 c5) 5... c6 6. Qxc4 b5 7.
Qd3 (7. Qb3 Nbd7 8. g3 b4 9. Nb1 c5 10. Bg2 Bb7 11. O-O Nb6 12. dxc5 Bxc5 {
Black is Okay, Kelecevic,N-Maksimenko,A/op Geneva SUI 1996}) 7... Bb7 (7...
Nbd7 8. a3 b4 $6 9. axb4 Bxb4 10. e4 a5 11. e5 Nd5 12. Bd2 Ba6 13. Qe4 Bxf1 14.
Kxf1 {White is clearly better, Karpov,A-Lautier,J, 1996}) 8. a3 ({Alternative
is} 8. Bg5 $5) 8... a6 9. e3 c5 10. dxc5 Bxc5 11. Qxd8+ Kxd8 {Black equalized
and stays a little bit better} 12. Bd2 Ke7 13. Bd3 Nbd7 14. Ke2 Bd6 15. Rhd1
Rac8 16. Rac1 Nb6 17. Be1 Nc4 18. Rc2 Bxf3+ $1 (18... Rhd8 {Ftacnik} 19. h3 $10
) 19. gxf3 (19. Kxf3 Ne5+ 20. Ke2 Nxd3 21. Rxd3 Ng4 (21... Bxh2 {Ftacnik} 22.
g3 h5 $17) 22. h3 Ne5 23. Rd1 Rc7 {and it is not easy for White to eliminate
Black's pressure on Queen-side}) 19... Ne5 (19... Bxh2 $2 {Ftacnik} 20. f4 $1 (
20. a4 $2 Ne5 21. axb5 Nxd3 22. Rxd3 axb5 {/\ 23...b4}) 20... Nd6 (20... h6 $2
21. a4 Nd6 (21... bxa4 22. Nxa4) 22. axb5 axb5 (22... Nxb5 23. Nxb5 Rxc2+ 24.
Bxc2 axb5 25. Bb4+ Ke8 26. Bd3 (26. Rh1)) 23. Nxb5 Rxc2+ 24. Bxc2 Nxb5 25. Bb4+
Ke8 26. Ba4) 21. Bd2 $1 Rc5 22. Rh1 Rh5 23. Kf1 {>< Bh2}) 20. h3 Nxd3 21. Rxd3
Rhd8 {White must be careful, his pawn chain is broken} 22. Rcd2 Bc7 23. Rc2 $6
(23. Rxd8 {Too passive. Better was} Rxd8 24. Ne4 Nd5 25. Rc2 Bb6) 23... Bb6 24.
Rxd8 Kxd8 25. Rd2+ Ke7 26. Rd1 g6 {/^ h4-d8} (26... Rc5 {Ftacnik} 27. Ne4 Nxe4
28. fxe4 Rc2+ 29. Rd2 Rxd2+ 30. Bxd2) 27. f4 {/\ f3, Bh4} ({worse is} 27. Ne4
$2 Nd5) 27... Rc4 28. f3 Nd7 29. b3 Rc6 30. Ne4 Rc2+ 31. Rd2 (31. Kd3 $1 {
Ftacnik} Rc6 (31... Rc7 32. Ke2 Rc2+ 33. Kd3 $10) (31... Rh2 $2 32. Bb4+ Kd8
33. Nd6 (33. Ng5 Ke8 34. Rc1) 33... f5 34. Rc1 Nf6 35. Nf7+ Ke8 36. Ne5 Kd8 37.
Rc6) (31... Rb2 $2 32. Bb4+ Ke8 (32... Kd8 33. Kc3 $18 {/\ 34.Nf6}) 33. Nd6+
Kd8 34. Nxf7+ Ke8 35. Nd6+ Kd8 36. Kc3 Rh2 (36... Rf2 $2 37. Ne4 Rxf3 38. Nf6)
37. Rd3 (37. e4) 37... Kc7 (37... Rxh3 38. Nf7+ {/\ Ng5}) 38. Nf7 Rxh3 $6 39.
Ng5 Rg3 40. Nxe6+) (31... Rg2 $2 32. Bb4+ Kd8 33. Ng5 Ke8 34. Rc1 Bd8 35. Nxh7
Rh2 36. Rc8 $18) (31... Ra2 $2 32. Bb4+ Kd8 33. Ng5 Ke8 34. Rc1 Bd8 35. Nxh7 {
/\ 36.Rc8+-}) 32. Bb4+ (32. Ke2 $5 a5 $140 $6 33. b4 $1 {>< b5}) 32... Kd8 33.
Nd6 (33. Ng5 Ke8 34. Nxh7 $6 (34. Ne4) 34... a5) 33... f6 34. e4 Kc7 35. Ke2
Rc2+ 36. Rd2) 31... Rxd2+ 32. Bxd2 Bc5 $5 {A provocative move, as 33.b4 Bd6
favors Black, as well as 33.Bb4 Bxb4 33.axb4 f5 34.Nc3 (34.Nc5!? Nxc5 35.bxc5
a5); The reasonable reply is 33.a4} 33. Nxc5 (33. a4 {Ftacnik} bxa4 34. bxa4
$10) 33... Nxc5 34. Bb4 Kd6 35. Kd2 (35. Kd1 {Ftacnik} a5 (35... Kc6 36. Kc2) (
35... Kd5 36. Kc2) 36. Bxa5 $2 Nxb3 37. Bc3 Kd5 {/\ Kc4}) 35... a5 36. Bxc5+
Kxc5 {Black has advantage in the pawn ending because his pawn structure is
better and his King is more active. [#] Hecht Raum und bessere Bauernstruktur
und mehr Tempi für Schwarz. Gewinnmotiv: entfernten Freibauer am K-Flügel
bilden.} 37. Kd3 f6 38. h4 $6 {it is very likely that this inaccuracy could
cost Karpov a lot because it gives Black an important tempo in the critical
moment. 38.e4 deserved attention} (38. e4 $1) 38... Kd5 39. b4 (39. e4+ {
Ftacnik} Kd6 40. Ke3 (40. Kd4 $2 e5+ 41. fxe5+ fxe5+ 42. Kd3 Ke6 43. a4 b4 44.
Kc4 (44. Ke3 Kf6 45. f4 exf4+ 46. Kxf4 h6 47. e5+ Ke6 48. Ke4 g5 $19) 44... h5
$19 {/\ 45.Kb5 g5}) 40... e5 41. f5 $1 gxf5 42. exf5 Kd5 43. Kd3 a4 44. bxa4
bxa4 45. h5 h6 46. Kc3 e4 47. fxe4+ Kxe4 48. Kb4 Kxf5 49. Kxa4 Kg4 50. Kb4 f5
51. a4 f4 52. a5 f3 53. a6 f2 54. a7 f1=Q 55. a8=Q $10) 39... axb4 40. axb4 h6
$2 {This move allows White to escape. Black was winning after 40... e5} (40...
e5 41. e4+ (41. fxe5 Kxe5 42. Kd2 (42. Ke2 h5 43. Kf2 Kd5) 42... h5 43. Ke2 g5
44. hxg5 fxg5 45. Kf2 h4 46. Kg2 Kd5 47. f4 gxf4 48. exf4 Ke4 49. Kh3 Kxf4 $19)
41... Kd6 (41... Ke6 {Ftacnik} 42. Ke3 (42. fxe5 fxe5 43. Ke3 Kf6 44. f4 (44.
Kf2 h5 45. Kg3 g5 46. Kh3 gxh4 47. Kxh4 Kg6 $19) 44... exf4+ 45. Kxf4 h6 $19)
42... Kd6 $1 (42... Kf7 $2 43. f5 $1 gxf5 44. exf5 Kg7 45. Kf2 Kh6 46. Kg3 $10)
43. f5 (43. fxe5+ fxe5 44. Kf2 Ke6 45. Kg2 Kf6 46. Kg3 h6) 43... gxf5 44. exf5
Kd5 45. Kd3 (45. h5 Kc4 46. Ke4 h6 $19) 45... h5 46. Ke3 Kc4 47. Ke4 Kxb4 48.
Kd5 Kc3 49. Ke6 b4 50. Kxf6 b3 51. Kg7 b2 52. f6 b1=Q 53. f7 Qb7 54. Kg8 Qxf3
$19) 42. fxe5+ fxe5 43. Ke3 Ke6 44. Kf2 Kf6 45. Kg2 (45. Kg3 h6 $1 46. Kg4 (46.
f4 exf4+ 47. Kxf4 g5+ 48. hxg5+ hxg5+ 49. Kg4 Ke5 {and Black is winning}) 46...
h5+ 47. Kg3 g5 {winning}) 45... h5 $1 {with the following g6-g5}) 41. e4+ Kd6
42. Ke3 e5 43. fxe5+ fxe5 (43... Kxe5 44. f4+ Ke6 45. Kf3 $11 (45. Kd4 g5 46.
hxg5 hxg5 47. Ke3 $1 $11)) 44. Kf2 Ke6 45. Kg2 $1 {The only move that allows
White to save the game} (45. Kg3 $4 Kf6 46. Kg4 h5+ 47. Kg3 g5 48. Kh3 gxh4 49.
Kxh4 Kg6 50. Kh3 Kg5 51. Kg3 h4+ $19) (45. Kg2 $1 Kf6 46. Kg3 h5 (46... g5 47.
h5 $10) 47. f4) 1/2-1/2

[Event "London FIDE GP 1st"]
[Site "London"]
[Date "2012.10.03"]
[Round "11"]
[White "Gelfand, Boris"]
[Black "Kasimdzhanov, Rustam"]
[Result "1-0"]
[WhiteElo "2738"]
[BlackElo "2684"]
[Annotator "Krasenkow,M"]
[PlyCount "95"]
[EventDate "2012.09.21"]
[EventType "tourn"]
[EventRounds "11"]
[EventCountry "ENG"]
[EventCategory "20"]
[SourceTitle "CBM 151"]
[Source "ChessBase"]
[SourceDate "2012.11.13"]
[SourceVersion "1"]
[SourceVersionDate "2012.11.13"]
[SourceQuality "1"]

1. d4 d5 2. c4 c6 3. Nc3 Nf6 4. Nf3 e6 5. Bg5 h6 6. Bxf6 Qxf6 7. e3 g6 8. Be2
Bg7 9. e4 {One of several possible plans.} (9. O-O O-O 10. b4 {is played quite
often, too.}) 9... dxe4 10. Nxe4 Qf4 11. Qc2 (11. Qd3 O-O 12. O-O Nd7 13. Rad1
Qc7 14. Qe3 b6 15. c5 e5 16. b4 a5 $11 {1-0 Wang Yue (2716)-Potkin,V (2626)/
Ningbo 2010/CBM 137 Extra (54)}) 11... O-O 12. O-O c5 (12... f5 $6 13. Nc5 Bxd4
14. Nd3 Qd6 15. c5 Qd8 16. Nf4 Bg7 17. Nxg6 Re8 18. Nfe5 $16 {1-0 Moiseenko,A 
(2670)-Korobov,A (2684)/Kharkov 2010/CBM 139 Extra (38)}) 13. dxc5 Bd7 (13...
Bxb2 $2 14. g3 Qf5 15. Nh4 Qe5 16. Rab1 Ba3 17. Rb3 Bxc5 18. Nxg6 fxg6 19. Nxc5
$16) 14. b4 $2 {[%mdl 8704] A wrong exchange sac.} (14. Rfd1 Bc6 15. Nd6 Nd7
16. g3 Qf6 17. Nd4 {, and it is not easy for Black to recapture the pawn
without concessions, e.g.} a5 $1 (17... Nxc5 18. Nxc6 bxc6 19. b4 Na6 20. Rab1
$16) 18. Nxb7 Bxb7 19. c6 Bxc6 20. Nxc6 Nc5 21. Rab1 {[%cal Rc6a5]} Rfc8 22.
Nd4 {keeping a pawn although Black has some compensation.}) 14... Bxa1 $2 ({
Both players underestimated the intermediate} 14... Bc6 $1 15. Nd6 (15. Nc3 $2
Bxf3 16. Bxf3 Be5 {- that's the point!}) (15. Ng3 Bxa1 16. Rxa1 Rd8 $17) 15...
Bxf3 16. Bxf3 Be5 17. Rfd1 Qxh2+ 18. Kf1 Bxa1 (18... Nc6 $5) 19. Bxb7 Nd7 20.
Bxa8 Rxa8 21. Nxf7 Qh1+ 22. Ke2 Qh5+ 23. f3 Nf6 {- White does not have
sufficient compensation for the missing piece.}) 15. Rxa1 {Now White's
queenside pawns guarantee him good compensation for the exchange.} Bc6 (15...
Ba4 $5 16. Qd3 Nd7) 16. Nd6 Nd7 17. Qc1 $6 (17. Qb2 $142 e5 18. Rd1 $44) 17...
Qf6 $6 {Apparently, both players wrongly evaluated the exchange of queens,
which, in fact, was rather favourable for Black.} (17... Qxc1+ 18. Rxc1 Rfd8
$15 {[%cal Ya7a5,Yb7b6]}) 18. Rb1 g5 19. Qe3 Rad8 20. Nd4 a6 (20... Qe5 $5 {
Still!} 21. Qxe5 Nxe5 22. b5 Be8 23. Rd1 Rd7 24. a4 $16) 21. Re1 (21. Nxc6 $5
bxc6 22. Rd1 Ne5 23. a4 $16) 21... Ne5 22. h3 Ba4 $6 (22... Rd7 $14) 23. Qa3 $6
(23. Nf3 $1 Ng6 (23... Nxf3+ 24. Bxf3 $16) 24. Nxb7 (24. Bd3 $5 {[%cal Yd3e4]})
24... Rb8 25. Qa3 $16) 23... Nc6 $6 (23... Ng6 $142) 24. Nf3 $1 Bc2 25. b5 {
White's pawn avalanche becomes unstoppable.} axb5 26. cxb5 Ra8 (26... Nd4 27.
Nxd4 Qxd4 28. Nxb7 Ra8 29. Qe3 $16) 27. Qc1 Nb4 28. Qd2 Qf4 29. Qxf4 gxf4 30.
Nxb7 Rxa2 31. c6 Rfa8 (31... Be4 $142 $1 32. Bc4 (32. Ne5 $5 Rc2 33. Na5 Bd5
34. Bf1) 32... Bxc6 $1 33. bxc6 Rc2 34. Re4 Nxc6 35. Rxf4 Rb8 36. Nd6 Rb1+ 37.
Bf1 Rcc1 38. Nd2 Rb4 {- White should probably win but not so quickly}) 32. Nd6
Bd3 33. Bxd3 Nxd3 34. Rf1 (34. Rb1 $1 Rxf2 35. b6 Raa2 36. b7 Rxg2+ 37. Kh1 Rg3
38. b8=Q+ Kh7 39. Ne4 $18) 34... Rc2 35. Nd4 Rc5 36. b6 Nb4 37. c7 Rf8 38. Rb1
Na6 39. N4b5 Rc6 40. b7 Nxc7 41. Nxc7 (41. Nc8 $1 {ended the game at once but
an extra piece is quite enough.}) 41... Rxd6 42. b8=Q Rxb8 43. Rxb8+ Kh7 44.
Rb4 Rd1+ 45. Kh2 e5 46. Ne8 f5 47. Rb7+ Kg6 48. Rg7+ 1-0